000 01889nam a2200457 i 4500
001 80376
003 FlNmELB
005 20241217151741.0
006 m o d |
007 cr cnu||||||||
008 150320s2014 sp ob 001 0 spa d
020 _a9788490124505 (e-book)
035 _a(MiAaPQ)EBC3226799
035 _a(Au-PeEL)EBL3226799
035 _a(CaPaEBR)ebr11002181
035 _a(OCoLC)991927923
040 _aFINmELB
_bspa
_erda
_cFINmELB
050 4 _aHE8700.9.S63
_b.F365 2014
080 _a32
082 0 _a384.550946
_223
100 1 _aFernández, Luis Miguel.
245 1 0 _aEscritores y televisión durante el Franquismo (1956-1975) /
_cLuis Miguel Fernández.
264 1 _aSalamanca :
_bEdiciones Universidad de Salamanca,
_c2014.
300 _a1 recurso en línea (197 páginas)
336 _atexto
_btxt
_2rdacontent/spa
337 _acomputadora
_bc
_2rdamedia/spa
338 _arecurso en línea
_bcr
_2rdacarrier/spa
490 1 _aActa Salmanticensia. Biblioteca de Pensamiento y Sociedad ;
_v108
500 _aIncluye índice.
504 _aContiene referencias bibliográficas.
588 _aDescripción basada en recurso en línea; Título de la página del título en PDF (e-libro, visto March 20, 2015).
590 _aRecurso electrónico. Santa Fe, Arg.: e-libro, 2015. Disponible vía World Wide Web. El acceso puede estar limitado para las bibliotecas afiliadas a e-libro.
650 0 _aTelevision and politics
_zSpain
_xHistory
_y20th century.
650 0 _aAuthors, Spanish
_y20th century.
650 4 _aTelevisión y política
_zEspaña
_xHistoria
_ySiglo XX.
650 4 _aAutores españoles
_ySiglo XX.
655 4 _aLibros electrónicos.
797 2 _ae-libro, Corp.
830 0 _aActa Salmanticensia. Biblioteca de Pensamiento y Sociedad ;
_v108.
856 4 0 _uhttps://elibro.net/ereader/politecnicointernacional/55794
999 _c80376
_d80376